000 00362nam a2200121Ia 4500
008 211119s9999||||xx |||||||||||||| ||und||
082 _a658
_bHUL-R
100 _aJohn C, Hull
245 0 _aRisk Management and Financial Institutions
260 _bPearson India Education Services
_aNew Delhi
_c2007
650 _aManagementManagement
_xMBA LIBRARY
942 _cBOOK
999 _c104586
_d104586